Užívanie vankomycínu a kolonizácia dialyzovaných pacientov VRE

Bibliographic Details
Main Authors: Atta, M. G. (Author), Eustace, J.A (Author), Song, X. (Author), Perl, T.M (Author), Scheel, P.J (Author)
Other Authors: Maďar, Rastislav, 1973- (Translator)
Format: Article
Language:Slovak
Subjects:

MARC

LEADER 00000nab a2200000 a 4500
001 vtls000860007
003 SK-MaSNL
005 20260304103258.0
008 250429c2003 xo 0 slo
015 |a SNBRB2004/01-03253 
035 |a CLN000211623 
035 |a urn:nbn:sk:snk-abroy 
035 |a (urnnbn)urn:nbn:sk:snk:ar-a05nhw 
035 |a (uuid)146bfaa7-d133-41ae-bdc0-cca1335123de 
040 |a SNKBUCL  |b slo  |c SNKBUCL  |e AACR2 
041 0 |a slo 
044 |a xo  |c SK 
080 |a 616-073.27-06:579.86:615.33.06  |2 1997 
245 0 0 |a Užívanie vankomycínu a kolonizácia dialyzovaných pacientov VRE  |c M.G. Atta ... [et al.] 
246 1 1 |a Outpatient vancomycin use and vancomycin-resistant enterococcal colonization in maintenance dialysis patients 
500 |a Kidney Int. 2001, 59:718-724 
650 0 7 |a Enterococcus  |2 MESH  |9 1232280 
650 0 7 |a antibiotická rezistencia  |2 MESH  |9 14840 
650 0 7 |a hemodialýza  |2 MESH  |9 2478 
650 0 7 |a vankomycín  |2 MESH  |9 18215 
650 0 7 |a abstrakty  |2 MESH  |9 90504 
655 7 |a články z novín a časopisov  |2 snkbucl  |9 267496 
700 1 |a Maďar, Rastislav,  |d 1973-  |4 trl  |9 205008 
700 1 |a Atta, M. G.  |4 aut  |9 26742 
700 1 |a Eustace, J.A.  |4 aut  |9 1401328 
700 1 |a Song, X.  |4 aut  |9 1159738 
700 1 |a Perl, T.M.  |4 aut  |9 1401329 
700 1 |a Scheel, P.J.  |4 aut  |9 1401330 
773 0 |t Nozokomiálne nákazy  |g Roč. 2, č. 1 (2003), s. 48-49 
850 |a Slovenská národná knižnica 
852 |a Slovenská národná knižnica 
954 |a odborná, vedecká literatúra pôvodná (slovenská)  |2 lita 
958 |a article27 
958 |a MI 
958 |a OND 
958 |a EUIPO 
999 |c 2848539  |d 2850469